| 000 | 00591nam a2200217 a 4500 | ||
|---|---|---|---|
| 999 |
_c5131 _d5131 |
||
| 001 | 5131 | ||
| 003 | BD-JhCC | ||
| 005 | 20171211181316.0 | ||
| 008 | 171209s2008 bg a|||| ||a| 000 0 ben d | ||
| 035 | _a(BD-JhCC) 5131 | ||
| 040 |
_aBD-JhCC _dBD-JhCC |
||
| 041 | _aben | ||
| 082 |
_a914.81045 _bKAR 2008 |
||
| 100 | _aকরিম, আবু | ||
| 245 |
_aনরওয়ের স্মৃতি / _cআবু করিম |
||
| 260 |
_aঢাকা : _bসূচীপত্র , _c2008 |
||
| 300 |
_a28 p .: _c18 cm . |
||
| 650 |
_aNorway _xTravel |
||
| 942 |
_2ddc _cBK |
||